Normale Ansicht MARC-Ansicht ISBD

Nacionalizm v pozdne- i postkommunističeskoj Evrope (Titelsatznr. 45488)

[ MARC ]
MARC-Details
000 -Satzkennung
Kontrollfeld mit fester Länge 00601nam a22001691cc4500
001 - Kontrollnummer
Kontrollfeld a987675795+Tom3
035 ## - Systemkontrollnummer
System-Kontrollnummer a987675795
008 - Feld mit fester Länge zur physischen Beschreibung - Allgemeine Angaben
Kontrollfeld mit fester Länge 170707s2010 gw |||| 000u rus d
040 ## - Katalogisierungsquelle
Übertragungsstelle RU-10907106
003 - Kontrollnummer Identifier
Kontrollfeld RU-10907106
245 00 - Titel
Titel Nacionalizm v pozdne- i postkommunističeskoj Evrope
Zählung des Teils/der Abteilung eines Werkes Tom 3
Titel eines Teils/einer Abteilung eines Werkes Nacionalizm v nacional'no-territorial'nych obrazovanijach
264 ## - Produktion, Veröffentlichung, Distribution, Herstellung und Urheberrechtsvermerk
Herstellungs-, Veröffentlichungs- Vertriebs-, Erzeugungsort Moskva :
Produzent, Herausgeber, Distributor, Hersteller ROSSPEN,
Datum der Herstellung, der Veröffentlichung, des Vertriebs oder des Urheberschutzvermerks 2010
246 12 - Titelvarianten
Hauptsachtitel/Kurztitel Nacionalizm v pozdne- i postkommunističeskoj Evrope. Nacionalizm v nacional'no-territorial'nych obrazovanijach
Zählung des Teils/der Abteilung eines Werkes Tom 3
300 ## - Physische Beschreibung
Umfang 413 S.
773 08 - Übergeordnete Einheit
Datensatzkontrollnummer a987675795
Zählung und erste Seite Tom3
942 ## - Zusätzliche Felder (Koha)
Koha-Medientyp Monographien
Exemplare
Ausgeschieden Verloren Klassifikation oder Aufstellungssystematik Beschädigt Nicht entleihbar Heimatbibliothek Aufenthaltsbibliothek Aufstellungsort Erwerbungsdatum Inventarnummer Signatur Barcode Letzte Aktivität Preis gültig von Koha-Medientyp
    Andere/Generische Klassifikation     MWN Osteuropa MWN Osteuropa Lesesaal - 1 07/07/2017 17-01376 Ersatzß W 66 C eh Jah 1 (3) E004015078F6A2E5 06/10/2020 22/03/2021 Monographien